000 00675 a2200145 4500
082 _aBIT-9
100 _aHuma bulland
_993358
245 _aIndentity life cycle management and access management of learning management system (LMS) through IBM tivoli indentity manager and IBM tivoli access manager for e-business
_cHuma Bulland
260 _aIslamabad
_bNUST School of Electrical Engineering and Computer Science
_c2011
300 _a155 p.
_b: ill
_c; 27cm. +
_eCD-ROM
500 _aSupervisors : Mr. Aatif kamal, Mr.Mujtaba Haider
700 _aNajaiha Khawar ,Zahra Khan
_993359
856 _uhttp://10.250.8.41:8080/xmlui/handle/123456789/29704
942 _cPR
_kBIT-9 HUM
_2ddc
999 _c10616
_d10616